Statystyki dla Państwa zaludnione gęściej niż Polska

Kliknij tutaj aby rozwiązać quiz!

Ogólne statystyki

  • Ten quiz został rozwiązany 487 razy
    (486 od ostatniego zresetowania)
  • Średni wynik to 19 z 44

Statystyki odpowiedzi

Gęstość zaludnienia (os/km2)Państwo% Poprawnych
148Chiny
91%
232Niemcy
88%
401Indie
84%
333Japonia
78%
270Wielka Brytania
72%
513Korea Południowa
66%
200Włochy
66%
138Indonezja
63%
417Holandia
61%
370Belgia
60%
135Czechy
59%
283Wietnam
56%
206Nigeria
55%
210Korea Północna
53%
1133Bangladesz
52%
207Szwajcaria
51%
7830Singapur
50%
131Tajlandia
49%
400Izrael
48%
258Pakistan
47%
176Katar
45%
348Filipiny
44%
650Tajwan
39%
247Kuwejt
38%
207Nepal
38%
307Sri Lanka
35%
2092Bahrajn
33%
431Liban
33%
259Jamajka
32%
209Dominikana
31%
401Haiti
31%
132Cypr
30%
171Kosowo
25%
140Togo
22%
452Rwanda
21%
168Uganda
21%
155Gwatemala
20%
390Burundi
19%
303Salwador
18%
186Gambia
16%
162Malawi
13%
238Trynidad i Tobago
11%
663Mauritius
8%
750Palestyna
5%

Rozkład punktacji

Percentyl według liczby udzielonych odpowiedzi

Procent ludzi z każdym wynikiem

Twoja historia wyników

Nie rozwiązałeś tego quizu od ostatniego zresetowania